Malayan postscript

Bibliographic Details
Main Author: Morrison, Ian
Format: Book
Published: K.L : S.Abdul Majeed , 1993
Subjects:

MARC

LEADER 00000cam a2200000 7i4500
001 0000002980
002 000003225
005 20000330.0
020 |a 9838992062 
090 0 0 |a 959.5425   |b MOR 
100 1 |a Morrison, Ian 
245 1 0 |a Malayan postscript   |c Ian Morrison 
260 |a K.L :   |b S.Abdul Majeed ,   |c 1993 
300 |a 191p. ;   |c 20cm. 
651 0 |a Malaysian   |x History 
999 |a 00069270   |b BUKU   |c PINJAMAN   |e PERPUSTAKAAN KOMUNITI PETALING JAYA 
999 |a 036535   |b BUKU   |c MALAYSIANA   |e PERPUSTAKAAN KOMUNITI PETALING JAYA 
999 |a 036536   |b BUKU   |c PINJAMAN   |e PERPUSTAKAAN KOMUNITI PETALING JAYA